<?xml version="1.0" encoding="UTF-8"?>
<record
    xmlns:xsi="http://www.w3.org/2001/XMLSchema-instance"
    xsi:schemaLocation="http://www.loc.gov/MARC21/slim http://www.loc.gov/standards/marcxml/schema/MARC21slim.xsd"
    xmlns="http://www.loc.gov/MARC21/slim">

  <leader>01122nam a2200277 a 4500</leader>
  <controlfield tag="001">BRCA_9148</controlfield>
  <controlfield tag="005">20190320210534.0</controlfield>
  <controlfield tag="008">260618s1992----u--a######---#000-0#eng-#</controlfield>
  <datafield tag="020" ind1=" " ind2=" ">
    <subfield code="a">0300052405</subfield>
  </datafield>
  <datafield tag="041" ind1=" " ind2=" ">
    <subfield code="a">eng</subfield>
  </datafield>
  <datafield tag="044" ind1=" " ind2=" ">
    <subfield code="a">u</subfield>
  </datafield>
  <datafield tag="050" ind1=" " ind2="4">
    <subfield code="a">NK2740</subfield>
    <subfield code="b">.B37 1992</subfield>
  </datafield>
  <datafield tag="100" ind1="1" ind2=" ">
    <subfield code="a">Barquist, David L.</subfield>
    <subfield code="9">22553</subfield>
  </datafield>
  <datafield tag="245" ind1="1" ind2="0">
    <subfield code="a">American Tables and Looking Glasses</subfield>
    <subfield code="b">in the Mabel Brady Garvan and other collections at Yale University</subfield>
    <subfield code="c">by David L. Barquist ; essays by Elisabeth Donaghy Garrett and Gerald W. R. Ward ; photographs by Charles Uht.</subfield>
  </datafield>
  <datafield tag="260" ind1=" " ind2=" ">
    <subfield code="a">New Haven, Connecticut</subfield>
    <subfield code="b">Yale University Art Gallery</subfield>
    <subfield code="c">1992</subfield>
  </datafield>
  <datafield tag="300" ind1=" " ind2=" ">
    <subfield code="a">423 p.</subfield>
    <subfield code="b">il. (algunas a color)</subfield>
    <subfield code="c">26 cm.</subfield>
  </datafield>
  <datafield tag="500" ind1=" " ind2=" ">
    <subfield code="a">Incluye &#xED;ndice alfab&#xE9;tico</subfield>
  </datafield>
  <datafield tag="610" ind1="2" ind2="4">
    <subfield code="a">Colecci&#xF3;n Garvan (Universidad de Yale)</subfield>
    <subfield code="v">Cat&#xE1;logos</subfield>
    <subfield code="9">22554</subfield>
  </datafield>
  <datafield tag="610" ind1="2" ind2="4">
    <subfield code="a">Universidad de Yale</subfield>
    <subfield code="b">Galer&#xED;a de Arte</subfield>
    <subfield code="v">Cat&#xE1;logos</subfield>
    <subfield code="9">22555</subfield>
  </datafield>
  <datafield tag="650" ind1="1" ind2="4">
    <subfield code="a">Mesas</subfield>
    <subfield code="v">Cat&#xE1;logos</subfield>
    <subfield code="z">Estados Unidos</subfield>
    <subfield code="9">22556</subfield>
  </datafield>
  <datafield tag="650" ind1="1" ind2="4">
    <subfield code="a">Espejos</subfield>
    <subfield code="v">Cat&#xE1;logos</subfield>
    <subfield code="z">Estados Unidos</subfield>
    <subfield code="9">22557</subfield>
  </datafield>
  <datafield tag="700" ind1="1" ind2=" ">
    <subfield code="a">Garrett, Elisabeth Donaghy</subfield>
    <subfield code="9">22558</subfield>
  </datafield>
  <datafield tag="700" ind1="1" ind2=" ">
    <subfield code="a">Ward, Gerald W. R.</subfield>
    <subfield code="9">22559</subfield>
  </datafield>
  <datafield tag="700" ind1="1" ind2=" ">
    <subfield code="a">Uht, Charles</subfield>
    <subfield code="e">il.</subfield>
    <subfield code="9">22560</subfield>
  </datafield>
  <datafield tag="942" ind1=" " ind2=" ">
    <subfield code="2">lcc</subfield>
    <subfield code="c">B</subfield>
  </datafield>
  <datafield tag="999" ind1=" " ind2=" ">
    <subfield code="c">8795</subfield>
    <subfield code="d">8795</subfield>
  </datafield>
  <datafield tag="952" ind1=" " ind2=" ">
    <subfield code="0">0</subfield>
    <subfield code="1">0</subfield>
    <subfield code="4">0</subfield>
    <subfield code="7">0</subfield>
    <subfield code="a">BRCA</subfield>
    <subfield code="b">BRCA</subfield>
    <subfield code="d">2018-06-26</subfield>
    <subfield code="l">0</subfield>
    <subfield code="o">NK2740 .B37 1992</subfield>
    <subfield code="p">02980</subfield>
    <subfield code="r">2019-03-22 00:00:00</subfield>
    <subfield code="w">2019-03-22</subfield>
    <subfield code="y">B</subfield>
  </datafield>
</record>
